| 000 | 00682nam a2200253Ia 4500 | ||
|---|---|---|---|
| 003 | OSt | ||
| 005 | 20220918205744.0 | ||
| 006 | a|||||r|||| 00| 0 | ||
| 007 | ta | ||
| 008 | 220917b |||||||| |||| 00| 0 eng d | ||
| 024 | _a117,759 | ||
| 037 | _cTextual | ||
| 040 |
_aARTS _cARTS _beng |
||
| 041 |
_2eng _aeng |
||
| 082 | _aV73.M65, J2 | ||
| 100 |
_aHicks John D _9116032 |
||
| 245 | 0 |
_aFederal union _b a history of the United States to 1865 |
|
| 250 | _a2nd | ||
| 260 |
_aCambridge _bHoughton Mifflim _c1952 |
||
| 300 |
_avii,698p. illus maps _ccm. |
||
| 650 | _aHISTORY | ||
| 942 |
_hV73.M65, J2 _cTEXL _2CC |
||
| 999 |
_c241039 _d241039 |
||